000 01568nam a2200349 i 4500
003 EG-GICUC
005 20260121101743.0
008 260119s1985 ua ||||fr|||| 00| 0 ara d
017 _a١٥٠٨/٥٧
040 _a EG-GICUC
_bara
_c EG-GICUC
_d EG-GICUC
_erda
041 0 _aara
082 0 4 _221
_a345.456
_bم ا . ش
092 0 4 _221
099 _aLaw1 07 345.456 م ا . ش 1 ed - 1985
100 0 _aماهر عبد الهادي
_eمؤلف.
245 1 2 _aالشرعية الإجرائية في التأديب :
_bدراسة حول مدى تطبيق مفهوم الشرعية الشكلية الجامدة على الإجراءات التأديبية في القانون الإداري المصرى والمقارن /
_cد. ماهر عبد الهادي.
246 1 4 _aLa Legalite Procedurale Disciplinaire
250 _aالطبعة الأولى
264 3 _aالقاهرة :
_bدار غريب،
_c1985.
300 _a495 صفحة؛
_c24 سم.
336 _2rda content
_atext
337 _2rda media
_aComputer
338 _2rda carrier
_aOnline Resource
504 _a489-465 ببليوجرافيا: صفحات.
504 _aيشتمل على إرجاعات ببليوجرافية.
546 _aالنص أغلبه باللغة العربية مع بعض النصوص الفرنسية
650 1 4 _aإجراءات وضمانات تأديب العاملين المدنين بالدولة
650 1 4 _aالقانون الإداري
856 4 0 _uhttps://fll.law.cu.edu.eg/fulltext/bks/B07-02245.pdf
905 _a32
942 _2ddc
_cBK
_e21
_n0
999 _c57955
_d57955